<?xml version="1.0" encoding="UTF-8"?>
<record
    xmlns:xsi="http://www.w3.org/2001/XMLSchema-instance"
    xsi:schemaLocation="http://www.loc.gov/MARC21/slim http://www.loc.gov/standards/marcxml/schema/MARC21slim.xsd"
    xmlns="http://www.loc.gov/MARC21/slim">

  <leader>00664nam a22001817a 4500</leader>
  <controlfield tag="003">UA-OsUOA</controlfield>
  <controlfield tag="001"> 17932 </controlfield>
  <controlfield tag="007">ta</controlfield>
  <controlfield tag="008">20040404b un ||||| |||| 00| 0 ukr d</controlfield>
  <datafield tag="100" ind1=" " ind2=" ">
    <subfield code="a">&#x413;&#x435;&#x440;&#x430;&#x441;&#x438;&#x43C;&#x447;&#x443;&#x43A; &#x414;.</subfield>
  </datafield>
  <datafield tag="942" ind1=" " ind2=" ">
    <subfield code="c">SA</subfield>
  </datafield>
  <datafield tag="040" ind1=" " ind2=" ">
    <subfield code="a">UA-OsUOA</subfield>
    <subfield code="c">UA-OsUOA</subfield>
    <subfield code="d">UA-OsUOA</subfield>
  </datafield>
  <datafield tag="245" ind1=" " ind2=" ">
    <subfield code="a">&#x422;&#x443;&#x442; &#x434;&#x432;&#x435;&#x440;&#x456; &#x437;&#x430;&#x432;&#x436;&#x434;&#x438; &#x432;&#x456;&#x434;&#x43A;&#x440;&#x438;&#x442;&#x456; &#x43B;&#x44E;&#x434;&#x44F;&#x43C;</subfield>
    <subfield code="b">[&#x41F;&#x440;&#x43E; &#x434;&#x43E;&#x441;&#x432;&#x456;&#x434; &#x440;&#x43E;&#x431;&#x43E;&#x442;&#x438; &#x41C;&#x43B;&#x438;&#x43D;&#x456;&#x432;. &#x440;&#x430;&#x439;&#x43E;&#x43D;. &#x443;&#x43F;&#x440;. &#x41F;&#x435;&#x43D;&#x441;&#x456;&#x439;&#x43D;&#x43E;&#x433; &#x444;&#x43E;&#x43D;&#x434;&#x443; &#x437;&#x456; &#x437;&#x432;&#x435;&#x440;&#x43D;&#x435;&#x43D;&#x43D;&#x44F;&#x43C;&#x438; &#x433;&#x440;&#x43E;&#x43C;&#x430;&#x434;&#x44F;&#x43D;]</subfield>
  </datafield>
  <datafield tag="300" ind1=" " ind2=" ">
    <subfield code="a">&#x421;.3</subfield>
  </datafield>
  <datafield tag="955" ind1=" " ind2=" ">
    <subfield code="a">0</subfield>
  </datafield>
  <datafield tag="773" ind1="0" ind2=" ">
    <subfield code="w">0</subfield>
    <subfield code="t">&#x412;&#x456;&#x43B;&#x44C;&#x43D;&#x435; &#x441;&#x43B;&#x43E;&#x432;&#x43E;</subfield>
    <subfield code="d">&#x420;&#x456;&#x432;&#x43D;&#x435;</subfield>
    <subfield code="d">2004</subfield>
    <subfield code="g">&#x2116;25/31 &#x431;&#x435;&#x440;&#x435;&#x437;./</subfield>
  </datafield>
  <datafield tag="650" ind1=" " ind2="7">
    <subfield code="a">&#x41A;&#x440;&#x430;&#x454;&#x437;&#x43D;&#x430;&#x432;&#x447;&#x430; &#x440;&#x43E;&#x431;&#x43E;&#x442;&#x430;</subfield>
    <subfield code="2">UDC</subfield>
  </datafield>
  <datafield tag="999" ind1=" " ind2=" ">
    <subfield code="c">304102</subfield>
    <subfield code="d">304102</subfield>
  </datafield>
</record>
